| 000 | 00929nam a22002297a 4500 | ||
|---|---|---|---|
| 008 | 131011b xxu||||| |||| 00| 0 alb d | ||
| 020 | _a9789951062664 | ||
| 041 | 0 | _aalb | |
| 080 |
_a272-732.2-725 _x(=18'456.31) (092) |
||
| 100 | 1 |
_aZenelaj, Eqrem _d1956- |
|
| 245 |
_a Gjenealogjia e familjes shqiptare Albani nga Urbino dhe Bergamo e Italisë - Papës Clementi XI Albani (Pontifex. Maximus) / _cEqrem Zenelaj. |
||
| 260 |
_aPrishtinë : _bFaik Konica ; _c2009 |
||
| 300 |
_a306 f. : _bme il. ; _c24 cm. |
||
| 500 | _aTitulli dhe teksti paralel në gjuhën italiane dhe dialektin arbëresh | ||
| 500 | _aParathënie f. : 11 | ||
| 500 | _aNë kopertinën e paluar të dhënat për autorin | ||
| 505 | _a Literatura e konsultuar : f. 177-183 | ||
| 600 | 1 | 4 |
_a Klementi _bXI _c Papa _d1649-1721 _qGjon Françesk Albani _xBiografi |
| 650 | 0 | _aPersekutimi (Fe) | |
| 650 | 0 |
_aArbëreshët-Itali _xGjenealogjia |
|
| 942 |
_2udc _cBK |
||
| 999 |
_c111 _d111 |
||